000 00293nam a2200121Ia 4500
008 191201s2013 xx 000 0 und d
100 _aMano, M. Morris
245 0 _aComputer Systems Architecture
250 _aIMP
260 _c2013
_bPearson
_aNEW DELHI
300 _a520
942 _2ddc
_cBK
_061
999 _c7871
_d7871